Szczegóły MARC21

Joseph von Eichendorff : in Selbstzeugnissen und Bilddokumenten /

003 -Nazwa inst., której nr kontr. jest w polu 001 [,]
    • @
    • Nazwa instytucji, której n kontrolny jest w polu 001
    • NUKAT
005 -DATA I CZAS OSTATNIEJ MODYFIKACJI [,]
    • @
    • pole kontrolne
    • 20241231113715.0
040 -Instytucja sporządzająca opis [ , ]
    • a
    • Instytucja, która sporządziła opis (NP)
    • TOR U/MS
    • c
    • Instytucja, która sporządziła rekord (NP)
    • TOR U/MS
    • d
    • Instytucja, która zmodyfikowała rekord (P)
    • TOR U/LF
    • d
    • Instytucja, która zmodyfikowała rekord (P)
    • OLSZT 003/sps
942 -Rodzaj dokumentu [ , ]
    • c
    • Rodzaj dokumentu
    • Książka
100 -Hasło główne - nazwa osobowa [1, ]
    • a
    • Nazwa osobowa (NP)
    • Stöcklein, Paul
    • d
    • Daty biograficzne (NP)
    • (1909-1992).
    • 9
    • KHW
    • 537822
245 -Strefa tytułu i oznaczenia odpowiedzialności [1,0]
    • a
    • Tytuł
    • Joseph von Eichendorff : Find
    • b
    • Ciąg dalszy tytułu (NP)
    • in Selbstzeugnissen und Bilddokumenten / Find
    • c
    • Pozostałe elementy strefy tytułu i oznaczenia odpowiedzialności (NP)
    • dargest. von Paul Stöcklein.
246 -Wariant tytułu [1,4]
    • a
    • Tytuł (NP)
    • Eichendorff
260 -Strefa adresu wydawniczego [ , ]
    • a
    • Miejsce wydania (P)
    • Reinbek bei Hamburg :
    • b
    • Nazwa wydawcy (P)
    • Rowohlt Taschenbuch Verl.,
    • c
    • Data wydania (P)
    • 1963.
300 -Strefa opisu fizycznego [ , ]
    • a
    • Określenie formy książki i/lub objętość (NP)
    • 177 s. :
    • b
    • Oznaczenie ilustracji (NP)
    • il. ;
    • c
    • Format (NP)
    • 19 cm.
336 -Typ zawartości [ , ]
    • a
    • Termin opisujący typ zawartości
    • Tekst
    • b
    • Kod określający zawartość
    • txt
    • 2
    • Źródło (terminu i kodu)
    • rdacontent
337 -Typ mediów [ , ]
    • a
    • Tryb odtwarzania
    • Bez urządzenia pośredniczącego
    • b
    • Kod typu mediów
    • n
    • 2
    • Źródło (terminu i kodu)
    • rdamedia
338 -Typ/rodzaj nośnika [ , ]
    • a
    • Hasło opisujące typ nośnika
    • Wolumin
    • b
    • Kod typu nośnika
    • nc
    • 2
    • Źródło (terminu i kodu)
    • rdacarrier
490 -Strefa serii i książki wielotomowej - forma nie do wyszukiwania [1, ]
    • a
    • Tytuł (P)
    • Rowohlts Monographien Find
    • v
    • Numeracja (P)
    • 84
490 -Strefa serii i książki wielotomowej - forma nie do wyszukiwania [1, ]
    • a
    • Tytuł (P)
    • Rororo Find
830 -Hasło dodatkowe serii i opisu książki wielotomowej - tytuł ujednolicony/tytuł [ ,0]
    • a
    • Tytuł ujednolicony/tytuł (NP)
    • Rowohlts Monographien
    • x
    • ISSN
    • 0485-5256
    • v
    • Oznaczenie tomu (NP)
    • 84
    • 9
    • KHW
    • 59805
830 -Hasło dodatkowe serii i opisu książki wielotomowej - tytuł ujednolicony/tytuł [ ,0]
    • a
    • Tytuł ujednolicony/tytuł (NP)
    • Rororo
    • x
    • ISSN
    • 0720-0943
    • 9
    • KHW
    • 9126
504 -Uwaga dot. bibliogr. załącznikowej [ , ]
    • a
    • Uwaga dot. bibliografii załącznikowej
    • Bibliogr. s. 172-174. Indeks.
080 -Uniwersalna Klasyfikacja Dziesiętna [ , ]
    • a
    • Symbol klasyfikacji
    • 830(091)-1/-3"17/18"
080 -Uniwersalna Klasyfikacja Dziesiętna [ , ]
    • a
    • Symbol klasyfikacji
    • +929"17/18"Eichendorf J.von
080 -Uniwersalna Klasyfikacja Dziesiętna [ , ]
    • a
    • Symbol klasyfikacji
    • (02.025.2)=30
600 -Hasło przedmiotowe w formie nazwy osobowej [1,7]
    • a
    • Nazwa osobowa
    • Eichendorff, Joseph von
    • d
    • Daty związane z nazwą
    • (1788-1857).
    • 2
    • Źródło terminu
    • kaba
    • 9
    • KHW
    • 234291
980 -Symbol UKD [ , ]
    • a
    • UKD
    • 830(091)-1/-3"17/18"+929"17/18"]Eichendorf J.von(02.025.2)=30
Sygnatura Numer inwentarzowy Status udost. Data inwentaryzacji Lokalizacja
Germ. Literat. – Eichendorff 03G.11252-31995-12-12BM